00300nam a22000977a 4500040000900000082001100009245012200020250001800142260003200160300001000192 cASAB a620.11 aAgricultural Biomass Based Potential Materials/beditor: Khalid Rehman Hakeem,Mohammad Jawaid and Othman Y. Alothman. aFirst Edition aSwitzerlandbSpringerc2015 a505p.